000 00575nam a2200217Ia 4500
003 GCL
008 140319s9999 xx 000 0 eng d
020 _a1857150058
040 _aGCL /
_cGCL
082 0 4 _a821
_bD C
100 1 _aDONNE, JOHN
245 1 0 _aTHE COMPLETE ENGLISH POEMS /
_cDONNE, JOHN
700 1 _aPATRIDES, C.A
260 _aانجلترا :
_bEVERYMAN'S LIBRARY ،
_c1991
300 _a21 CM ؛
_c569 P
490 _aTHE MILLENNIUM LIBRARY
_v5
650 0 4 _aENGLISH POETRY
650 0 4 _aENGLISH LITERATURE
650 0 4 _aLITERATURE
942 _2ddc
_cBK
999 _c6518
_d6518